Republic of Slovenia : Selected Issues and Statistical Appendix.

This Selected Issues paper discusses several features of the Slovene economy that may explain the weak relationship between credit and domestic demand growth. It reviews credit growth developments in Slovenia and in selected European Union new member states, and compares their experiences with that...

Full description

Bibliographic Details
Corporate Author: International Monetary Fund
Format: Journal
Language:English
Published: Washington, D.C. : International Monetary Fund, 2005.
Series:IMF Staff Country Reports; Country Report ; No. 2005/254
Online Access:Full text available on IMF
LEADER 01604cas a2200241 a 4500
001 AALejournalIMF003713
008 230101c9999 xx r poo 0 0eng d
020 |c 5.00 USD 
020 |z 9781451835762 
022 |a 1934-7685 
040 |a BD-DhAAL  |c BD-DhAAL 
110 2 |a International Monetary Fund. 
245 1 0 |a Republic of Slovenia :   |b Selected Issues and Statistical Appendix. 
264 1 |a Washington, D.C. :  |b International Monetary Fund,  |c 2005. 
300 |a 1 online resource (50 pages) 
490 1 |a IMF Staff Country Reports 
500 |a <strong>Off-Campus Access:</strong> No User ID or Password Required 
500 |a <strong>On-Campus Access:</strong> No User ID or Password Required 
506 |a Electronic access restricted to authorized BRAC University faculty, staff and students 
520 3 |a This Selected Issues paper discusses several features of the Slovene economy that may explain the weak relationship between credit and domestic demand growth. It reviews credit growth developments in Slovenia and in selected European Union new member states, and compares their experiences with that of noncore euro area countries, including Ireland, Greece, Portugal, and Spain, before their adoption of the euro. Findings on the relationships between credit and domestic demand based on simple correlation and regression analyses are also presented. 
538 |a Mode of access: Internet 
830 0 |a IMF Staff Country Reports; Country Report ;  |v No. 2005/254 
856 4 0 |z Full text available on IMF  |u http://elibrary.imf.org/view/journals/002/2005/254/002.2005.issue-254-en.xml  |z IMF e-Library